[Event "55th NED-ch"]
[Site "Rotterdam NED"]
[Date "1999.06.06"]
[Round "8"]
[White "Piket, Jeroen"]
[Black "Reinderman, Dimitri"]
[Result "1/2-1/2"]
[WhiteElo "2619"]
[BlackElo "2541"]
[EventDate "1999.05.29"]
[PlyCount "35"]

1.d4 Nf6 2.c4 e5 3.dxe5 Ng4 4.Bf4 Nc6 5.Nf3 Bb4+ 6.Nc3 Bxc3+ 7.bxc3 Qe7 8.
Qd5 f6 9.exf6 Nxf6 10.Qd3 d6 11.g3 O-O 12.Bg2 Bg4 13.O-O Rae8 14.Rae1 Kh8 
15.Nd4 Ne5 16.Bxe5 dxe5 17.Nb3 c5 18.h3 1/2-1/2

[Event "55th NED-ch"]
[Site "Rotterdam NED"]
[Date "1999.06.06"]
[Round "8"]
[White "Van den Doel, Erik"]
[Black "Van der Wiel, John"]
[Result "0-1"]
[WhiteElo "2535"]
[BlackElo "2526"]
[EventDate "1999.05.29"]
[PlyCount "72"]

1.d4 Nf6 2.c4 c6 3.Nf3 d5 4.Nc3 a6 5.Bg5 dxc4 6.a4 h6 7.Bh4 e6 8.e3 b5 9.
Bxf6 gxf6 10.axb5 cxb5 11.Nxb5 axb5 12.Rxa8 Bb4+ 13.Nd2 Bb7 14.Ra7 Qb6 15.
Ra1 e5 16.Be2 exd4 17.O-O Rg8 18.Bf3 Bxd2 19.exd4 Bb4 20.Bxb7 Qxb7 21.g3 
Qd5 22.b3 c3 23.Qd3 Rg6 24.Rfe1+ Kf8 25.Qe3 Kg7 26.Qe8 Bd6 27.Qd8 Nc6 28.
Qc8 Nxd4 29.Re8 Nf3+ 30.Kf1 Nxh2+ 31.Kg1 Nf3+ 32.Kf1 Qd3+ 33.Kg2 Nh4+ 34.
Kg1 Rxg3+ 35.fxg3 Qxg3+ 36.Kf1 Qg2+ 0-1

[Event "55th NED-ch"]
[Site "Rotterdam NED"]
[Date "1999.06.08"]
[Round "9"]
[White "Reinderman, Dimitri"]
[Black "Van den Doel, Erik"]
[Result "1/2-1/2"]
[WhiteElo "2541"]
[BlackElo "2535"]
[EventDate "1999.05.29"]
[PlyCount "126"]

1.e4 e5 2.Nf3 Nc6 3.Bb5 a6 4.Bxc6 dxc6 5.O-O Qd6 6.Na3 Be6 7.Qe2 f6 8.Nc4 
Qd7 9.c3 c5 10.Rd1 Bg4 11.d3 Ne7 12.Ne3 Bh5 13.h3 Nc6 14.Nf5 O-O-O 15.Be3 
g6 16.Ng3 Bxf3 17.Qxf3 Qf7 18.a3 Qb3 19.Rd2 Be7 20.Qd1 Na5 21.Qg4+ Kb8 22.
Rf1 c4 23.d4 exd4 24.Bxd4 Qb5 25.Qe2 Rd7 26.Be3 Rd3 27.Rc2 Rhd8 28.Re1 Nb3
29.Nf1 Ka8 30.Qg4 Qc6 31.Rce2 a5 32.Nh2 Rg8 33.Bh6 Rdd8 34.Nf3 g5 35.Qh5 
Qe8 36.Qxe8 Rdxe8 37.e5 f5 38.h4 gxh4 39.Nd2 Rg6 40.Nxb3 cxb3 41.Bf4 Rg4 
42.Bh2 h3 43.f3 Rg6 44.Kh1 hxg2+ 45.Rxg2 Rd8 46.Bf4 b5 47.Rh2 b4 48.axb4 
axb4 49.cxb4 Rd4 50.Bd2 Rd3 51.Ree2 Rxf3 52.Rxh7 Re6 53.Bc3 Kb7 54.Kg2 Rf4
55.Rf2 Rg4+ 56.Kf1 Bxb4 57.Bxb4 Rxb4 58.Rxf5 Rc4 59.Rh3 Rc1+ 60.Ke2 Rc2+ 
61.Kd1 Rxb2 62.Kc1 Rg2 63.Rxb3+ Kc6 1/2-1/2

[Event "55th NED-ch"]
[Site "Rotterdam NED"]
[Date "1999.06.08"]
[Round "9"]
[White "Van der Sterren, Paul"]
[Black "Piket, Jeroen"]
[Result "0-1"]
[WhiteElo "2535"]
[BlackElo "2619"]
[EventDate "1999.05.29"]
[PlyCount "56"]

1.Nf3 Nf6 2.c4 c6 3.Nc3 d5 4.cxd5 cxd5 5.d4 Nc6 6.Bf4 a6 7.Rc1 Bf5 8.e3 
Rc8 9.Ne5 e6 10.Qb3 Nxe5 11.dxe5 Ne4 12.Be2 g5 13.Bg3 b5 14.Nxe4 Rxc1+ 15.
Kd2 Qa5+ 16.Kxc1 Bxe4 17.f3 Bg6 18.Be1 Qb6 19.Bd2 Bg7 20.h4 O-O 21.Kd1 
gxh4 22.f4 d4 23.Rxh4 Rc8 24.e4 d3 25.Bxd3 Qg1+ 26.Ke2 Qxg2+ 27.Kd1 Qg3 
28.Be1 Rc1+ 0-1

[Event "55th NED-ch"]
[Site "Rotterdam NED"]
[Date "1999.06.08"]
[Round "9"]
[White "Van der Wiel, John"]
[Black "Janssen, Ruud"]
[Result "1-0"]
[WhiteElo "2526"]
[BlackElo "2175"]
[EventDate "1999.05.29"]
[PlyCount "63"]

1.e4 c6 2.Nf3 d5 3.Nc3 Bg4 4.h3 Bh5 5.exd5 cxd5 6.Bb5+ Nc6 7.g4 Bg6 8.Ne5 
Rc8 9.d4 e6 10.Qe2 Bd6 11.Nxg6 hxg6 12.Nxd5 Bb8 13.Nb4 Qxd4 14.c3 Qd6 15.
Be3 Ne7 16.Rd1 Qc7 17.Bc5 Rd8 18.Bxe7 Kxe7 19.Nd5+ Rxd5 20.Rxd5 a6 21.Ba4 
b5 22.Bc2 Qf4 23.Rd1 Ba7 24.Qd2 Qf3 25.Qd6+ Ke8 26.Rf1 Rxh3 27.Qd7+ Kf8 
28.Qc8+ Ke7 29.Rd7+ Kf6 30.Rxa7 Nxa7 31.Qd8+ Ke5 32.Qd4# 1-0

[Event "55th NED-ch"]
[Site "Rotterdam NED"]
[Date "1999.06.09"]
[Round "10"]
[White "Janssen, Ruud"]
[Black "Reinderman, Dimitri"]
[Result "1/2-1/2"]
[WhiteElo "2175"]
[BlackElo "2541"]
[EventDate "1999.05.29"]
[PlyCount "72"]

1.Nf3 g6 2.c4 Bg7 3.d4 d6 4.Nc3 Nf6 5.e4 O-O 6.Be2 c5 7.O-O cxd4 8.Nxd4 
Nc6 9.Be3 Bd7 10.Qd2 Nxd4 11.Bxd4 Bc6 12.f3 a5 13.b3 Nd7 14.Be3 Nc5 15.
Rab1 e6 16.Bh6 Bxh6 17.Qxh6 e5 18.Rfd1 Ne6 19.Qe3 Qe7 20.Rd2 f5 21.exf5 
gxf5 22.Rbd1 f4 23.Qf2 Nd4 24.Bd3 Rad8 25.Be4 Kh8 26.Ne2 Nf5 27.Bxf5 Rxf5 
28.Nc3 Rg8 29.Rxd6 Rfg5 30.Ne4 Bxe4 31.fxe4 Rxg2+ 32.Qxg2 Rxg2+ 33.Kxg2 
Qh4 34.Rd8+ Kg7 35.R8d7+ Kf8 36.Rd8+ Kg7 1/2-1/2

[Event "55th NED-ch"]
[Site "Rotterdam NED"]
[Date "1999.06.09"]
[Round "10"]
[White "Nijboer, Friso"]
[Black "Van Wely, Loek"]
[Result "1/2-1/2"]
[WhiteElo "2515"]
[BlackElo "2632"]
[EventDate "1999.05.29"]
[PlyCount "67"]

1.e4 c5 2.Nf3 d6 3.d4 cxd4 4.Nxd4 Nf6 5.Nc3 a6 6.Be3 e6 7.g4 e5 8.Nf5 g6 
9.g5 gxf5 10.exf5 d5 11.Qf3 d4 12.O-O-O Nbd7 13.Bd2 dxc3 14.Bxc3 Qb6 15.
gxf6 Bb4 16.Bc4 Bxc3 17.Bxf7+ Kxf7 18.Qh5+ Kxf6 19.Qh6+ Kxf5 20.Qh3+ Kg6 
21.Rhg1+ Kf7 22.Rxd7+ Ke8 23.Qxc3 Kxd7 24.Qxe5 Qe6 25.Rd1+ Kc6 26.Qxh8 b6 
27.Qxh7 Bd7 28.Qd3 Rf8 29.Qxa6 Rxf2 30.Qa4+ Kc7 31.Qa7+ Kc8 32.Qa8+ Kc7 
33.Qa7+ Kc8 34.Qa8+ 1/2-1/2

[Event "55th NED-ch"]
[Site "Rotterdam NED"]
[Date "1999.06.09"]
[Round "10"]
[White "Nikolic, Predrag"]
[Black "Van der Wiel, John"]
[Result "1/2-1/2"]
[WhiteElo "2633"]
[BlackElo "2526"]
[EventDate "1999.05.29"]
[PlyCount "35"]

1.d4 Nf6 2.c4 c6 3.Nc3 d5 4.Nf3 e6 5.Qb3 Nbd7 6.Bg5 Qa5 7.cxd5 exd5 8.e3 
Ne4 9.Bf4 Bb4 10.Rc1 Nb6 11.a3 Be7 12.Bd3 Bf5 13.O-O Nxc3 14.Qxc3 Qxc3 15.
Rxc3 Bxd3 16.Rxd3 f6 17.Nd2 O-O-O 18.Rc1 1/2-1/2

[Event "55th NED-ch"]
[Site "Rotterdam NED"]
[Date "1999.06.09"]
[Round "10"]
[White "Piket, Jeroen"]
[Black "Cifuentes Parada, Roberto"]
[Result "1-0"]
[WhiteElo "2619"]
[BlackElo "2529"]
[EventDate "1999.05.29"]
[PlyCount "81"]

1.d4 d5 2.c4 c6 3.Nc3 Nf6 4.e3 e6 5.Nf3 Nbd7 6.Bd3 Bd6 7.O-O O-O 8.e4 dxe4
9.Nxe4 Nxe4 10.Bxe4 h6 11.Bc2 e5 12.h3 Re8 13.Re1 exd4 14.Rxe8+ Qxe8 15.
Qxd4 Bc5 16.Qc3 a5 17.a3 Nf8 18.Bf4 Be6 19.Be5 f6 20.Bd4 Bd6 21.Bb6 Qf7 
22.Rd1 Be7 23.Re1 Re8 24.Nd2 Nd7 25.Bxa5 b6 26.Qg3 f5 27.Bc3 Bf8 28.a4 Nf6
29.b3 Bc5 30.Qf3 Qd7 31.Rd1 Rf8 32.Nf1 Qc8 33.Ne3 Nh7 34.Qf4 Be7 35.h4 g5 
36.hxg5 hxg5 37.Qh2 Rf7 38.Qh6 Bf6 39.Rd6 b5 40.Bxf5 Bxf5 41.Bxf6 1-0

[Event "55th NED-ch"]
[Site "Rotterdam NED"]
[Date "1999.06.09"]
[Round "10"]
[White "Van den Doel, Erik"]
[Black "Van der Sterren, Paul"]
[Result "1/2-1/2"]
[WhiteElo "2535"]
[BlackElo "2535"]
[EventDate "1999.05.29"]
[PlyCount "130"]

1.e4 e5 2.Nf3 Nc6 3.Bb5 a6 4.Ba4 Nf6 5.O-O Be7 6.Re1 b5 7.Bb3 d6 8.c3 O-O 
9.h3 Nb8 10.d4 Nbd7 11.Nbd2 Bb7 12.Bc2 Re8 13.Nf1 Bf8 14.Ng3 g6 15.a4 c5 
16.d5 c4 17.Bg5 h6 18.Be3 Nc5 19.Qd2 h5 20.Bg5 Be7 21.Ra3 Rb8 22.Rea1 Bc8 
23.axb5 axb5 24.Qe3 Nfd7 25.Bxe7 Qxe7 26.Ne2 Nb6 27.Nc1 Bd7 28.Na2 Ra8 29.
Nb4 Rxa3 30.Rxa3 Nba4 31.Ra2 Kg7 32.Bxa4 Nxa4 33.Nd2 Qf6 34.Nc6 Ra8 35.Nb4
Rc8 36.Nf3 Qd8 37.Ng5 f6 38.Ne6+ Bxe6 39.dxe6 Qe7 40.Nd5 Qxe6 41.Qa7+ Qf7 
42.Qa6 Qd7 43.Nb6 Rc6 44.Qxa4 Rxb6 45.Qa8 Rb7 46.Ra6 h4 47.Kh2 Qc7 48.Rxd6
Qxd6 49.Qxb7+ Kh6 50.Qxb5 Qd2 51.Qxc4 Qxf2 52.b4 Qg3+ 53.Kg1 Qe1+ 54.Qf1 
Qxc3 55.Qb1 f5 56.exf5 Qd4+ 57.Kh2 Qf4+ 58.Kh1 e4 59.f6 e3 60.Qc1 g5 61.f7
Kg7 62.Qc8 Kxf7 63.Qd7+ Kf6 64.Qc6+ Ke5 65.Qc5+ Ke4 1/2-1/2

[Event "55th NED-ch"]
[Site "Rotterdam NED"]
[Date "1999.06.10"]
[Round "11"]
[White "Cifuentes Parada, Roberto"]
[Black "Van den Doel, Erik"]
[Result "1/2-1/2"]
[WhiteElo "2529"]
[BlackElo "2535"]
[EventDate "1999.05.29"]
[PlyCount "120"]

1.d4 Nf6 2.c4 e6 3.Nf3 b6 4.g3 Ba6 5.Nbd2 Bb7 6.Bg2 c5 7.e4 cxd4 8.O-O d6 
9.Nxd4 Qc8 10.a4 Be7 11.a5 bxa5 12.Qa4+ Nbd7 13.N4b3 Bc6 14.Qxa5 O-O 15.
Qc3 Bd8 16.Na5 e5 17.b4 Bb6 18.Qd3 Qc7 19.Ndb3 Rab8 20.Bd2 Ba8 21.Rac1 
Rfd8 22.Qe2 Nf8 23.c5 Bxa5 24.Nxa5 dxc5 25.Rxc5 Qd7 26.Bc3 Ne6 27.Bxe5 
Nxc5 28.Bxb8 Nd3 29.Bf4 Nxb4 30.Bg5 Qd4 31.Nb3 Qc3 32.Rb1 Nd3 33.Qd2 Qe5 
34.Qa5 Qxa5 35.Nxa5 h6 36.Bxf6 gxf6 37.Nc4 Rc8 38.Nd6 Rc1+ 39.Rxc1 Nxc1 
40.Bf1 a5 41.f3 a4 42.Nb5 Bc6 43.Na3 Kf8 44.Kf2 Ke7 45.Ke3 Kd6 46.Bc4 Kc5 
47.Bxf7 Kb4 48.Nc2+ Kc3 49.Nd4 Bd7 50.f4 a3 51.e5 fxe5 52.fxe5 Ba4 53.Bd5 
Nb3 54.Bxb3 Bxb3 55.Nb5+ Kb4 56.Nxa3 Kxa3 57.Kf4 Be6 58.g4 Kb4 59.g5 hxg5+
60.Kxg5 Bh3 1/2-1/2

[Event "55th NED-ch"]
[Site "Rotterdam NED"]
[Date "1999.06.10"]
[Round "11"]
[White "Peng, Zhaoqin"]
[Black "Nijboer, Friso"]
[Result "1-0"]
[WhiteElo "2574"]
[BlackElo "2515"]
[EventDate "1999.05.29"]
[PlyCount "99"]

1.d4 Nf6 2.c4 g6 3.Nc3 d5 4.Nf3 Bg7 5.Bg5 Ne4 6.cxd5 Nxg5 7.Nxg5 e6 8.Qd2 
h6 9.Nf3 exd5 10.e3 O-O 11.Be2 a5 12.O-O c6 13.Rab1 Re8 14.Qc2 Nd7 15.Bd3 
Bf8 16.a3 f5 17.b4 Qf6 18.Qb3 Qd6 19.e4 fxe4 20.Nxe4 Qf4 21.Ng3 axb4 22.
axb4 Qf6 23.h4 Bd6 24.Ne4 Rxe4 25.Bxe4 Nf8 26.Rfe1 Kg7 27.Bc2 Bg4 28.Ne5 
Qxh4 29.Qe3 h5 30.g3 Qf6 31.Nxg4 hxg4 32.b5 Ra3 33.Rb3 Rxb3 34.Bxb3 Nh7 
35.bxc6 bxc6 36.Bd1 Qf5 37.Qe6 Bb4 38.Bxg4 Qf6 39.Rc1 Qxd4 40.Rxc6 Nf6 41.
Bf3 Ba3 42.Kg2 Bb4 43.Rc7+ Kh6 44.Rc1 Kg7 45.Rd1 Qb2 46.Qb6 g5 47.Bxd5 Qc2
48.Qb7+ Kg6 49.Qf7+ Kf5 50.g4+ 1-0

[Event "55th NED-ch"]
[Site "Rotterdam NED"]
[Date "1999.06.10"]
[Round "11"]
[White "Van der Sterren, Paul"]
[Black "Janssen, Ruud"]
[Result "1/2-1/2"]
[WhiteElo "2535"]
[BlackElo "2175"]
[EventDate "1999.05.29"]
[PlyCount "36"]

1.d4 Nf6 2.c4 e6 3.g3 d5 4.Bg2 Be7 5.Nf3 O-O 6.O-O dxc4 7.Qc2 a6 8.Qxc4 b5
9.Qc2 Bb7 10.Bf4 Nc6 11.Nc3 Nb4 12.Qc1 Rc8 13.a3 Nbd5 14.b4 a5 15.Nxd5 
Nxd5 16.Bd2 axb4 17.axb4 Nxb4 18.Qb2 Nc6 1/2-1/2